Quiz de culture générale #6 - Alex H. - Statistiques

Statistiques générales
  • Ce quiz a été pris 154 fois
  • Le résultat moyen est 8 sur 20
Statistiques - réponses
Hint Réponse % Correct
Cite un pays commençant par K Kazakhstan / Kirghizistan / Kenya / Kiribati / Koweit / Kosovo
84%
Résous cette équation et trouve x : 4x = 8/(cos(ln(1))) x = 2
78%
Quel élément compose majoritairement l'air que nous respirons ? Azote
66%
Quel matériau anciennement utilisé dans l'isolation a finalement été reconnu toxique sous forme de poussière ? Amiante
60%
Quelle est la première console Nintendo portable ? Game Boy
57%
Quel est le nom de l'oiseau le plus rapide ? Faucon pèlerin
52%
Quelle est la quantité moyenne d'eau contenue dans un corps humain ? (en %) 65%
48%
En quelle année est sorti le premier film Spiderman ? 2002
47%
Deux autres éditions de cette console sont sorties, pouvez-vous en citer une ? Game Boy Color / Game Boy Advance
46%
Quel est le plus petit os du corps humain ? Étrier
44%
Dans Star Wars, comment s'appelle le célèbre Hutt ? Jabba
42%
Dans la même saga, quel est le nom du vaisseau de Han Solo ? Le Faucon Millenium
41%
Que signifie "sweatheart" ? Chéri(e)
38%
Quel était le nom de la première mission spatiale ayant pour but d'amener des hommes sur la lune ? Apollo 11
36%
Sous quel nom était anciennement connu Joyca ? Youtunes
35%
Quelle matière trouvée à l'état naturel résulte d'une multitude de composés organiques compressés ? Pétrole
20%
Quelle est la race de chien la plus grande ? Dogue allemand
10%
Quel est le code héxadécimal de 27 ? 1B
9%
Donner le code couleur héxadécimal de la couleur cyan : #00FFFF
7%
Quel est le nom de la figure impossible représentée sur l'image du quiz ? Triangle de Penrose
3%
Aucun quiz correspondant
Distribution des résultats
% des personnes avec chaque résultat
Percentile par nombre de réponses
Votre historique - résultats
Vous n’avez pas pris ce quiz